Sports Quiz

Random Sports or NBA Quiz
Score 0/120 Timer 15:00
0 Plays Today
% Correct
Lebron James
98.8%
Lebron James
98.8%
Lebron James
98.8%
Lebron James
98.8%
Kobe Bryant
98.8%
Stephen Curry
98.4%
Stephen Curry
98.4%
Michael Jordan
97.6%
Michael Jordan
97.6%
Michael Jordan
97.6%
Michael Jordan
97.6%
Kris Bryant
97.6%
Tom Brady
96.8%
Tom Brady
96.8%
Tom Brady
96.8%
Kevin Durant
96.4%
Magic Johnson
96.4%
Magic Johnson
96.4%
James Harden
96%
Dirk Nowitzki
96%
Steve Nash
96%
Steve Nash
96%
Russell Westbrook
95.2%
Shaquille O'Neal
95.2%
Derrick Rose
94.8%
Allen Iverson
94.4%
Tim Duncan
93.7%
Tim Duncan
93.7%
Kevin Garnett
93.7%
Peyton Manning
93.3%
Peyton Manning
93.3%
Peyton Manning
93.3%
Peyton Manning
93.3%
Peyton Manning\Steve McNair
93.3%
Karl Malone
92.9%
Karl Malone
92.9%
Aaron Rodgers
92.5%
Aaron Rodgers
92.5%
David Robinson
92.1%
Hakeem Olajuwon
90.9%
% Correct
Brett Favre
88.5%
Brett Favre
88.5%
Cam Newton
88.5%
Charles Barkley
87.7%
Joe Montana
86.1%
Barry Sanders\Brett Favre
85.7%
Matt Ryan
85.3%
Joe Montana
85.1%
Emmitt Smith
84.9%
Steve Young
84.1%
Steve Young
84.1%
Adrian Peterson
84.1%
Kurt Warner
84.1%
Kurt Warner
84.1%
Alex Rodriguez
82.9%
Alex Rodriguez
82.9%
LaDainian Tomlinson
82.9%
Alex Rodriguez
82.9%
Ivan Rodriguez
82.9%
Mahomes (prediction
82.5%
Barry Bonds
82.1%
Barry Bonds
82.1%
Barry Bonds
82.1%
Barry Bonds
82.1%
Barry Bonds
82.1%
Barry Bonds
82.1%
Barry Bonds
82.1%
Chipper Jones
81.3%
Albert Pujols
79.8%
Albert Pujols
79.8%
Mike Trout
79.8%
Mike Trout
79.8%
Albert Pujols
79.8%
Bryce Harper
79%
Marshall Faulk
78.6%
Mookie Betts
77.4%
Clayton Kershaw
77.4%
Miguel Cabrera
77%
Miguel Cabrera
77%
Ryan Howard
76.6%
% Correct
José Altuve
76.6%
Frank Thomas
76.6%
Frank Thomas
76.6%
Thurman Thomas
76.6%
Giancarlo Stanton
76.2%
Justin Verlander
75.8%
Buster Posey
75.4%
Sammy Sosa
75.4%
Andrew McCutchen
75%
Ryan Braun
75%
Terrell Davis
75%
Joe Mauer
74.6%
Josh Donaldson
73.8%
Joey Votto
73.8%
Jimmy Rollins
73%
Ken Griffey Jr.
73%
Shaun Alexander
73%
Josh Hamilton
72.2%
Christian Yelich
72.2%
Dustin Pedroia
71.4%
Ichiro Suzuki
71%
Jeff Bagwell
70.6%
Rich Gannon
70.6%
Larry Walker
70.2%
Jason Giambi
70.2%
Cal Ripken Jr.
68.7%
Justin Morneau
68.3%
Jeff Kent
67.1%
Juan Gonzalez
65.9%
Juan Gonzalez
65.9%
Barry Larkin
65.9%
Vladimir Guerrero
65.1%
Miguel Tejada
64.3%
Rickey Henderson
63.9%
Robin Yount
63.1%
Ken Caminiti
61.9%
Mo Vaughn
59.5%
Dennis Eckersley
55.2%
Kevin Mitchell
52%
Terry Pendleton
50.8%
Remove Ads.
Support Sporcle.
Get the best of Sporcle when you Go Orange. This ad-free experience offers more features, more stats, and more fun while also helping to support Sporcle. Thank you for becoming a member.

You're not logged in!

Compare scores with friends on all Sporcle quizzes.
OR
Log In

Show Comments

Extras

Top Quizzes Today


Score Distribution

Your Account Isn't Verified!

In order to create a playlist on Sporcle, you need to verify the email address you used during registration. Go to your Sporcle Settings to finish the process.

Report this User

Report this user for behavior that violates our Community Guidelines.

Details: